LIBRARY & INFORMATION CENTRE, KCAET, TAVANUR

ONLINE PUBLIC ACCESS CATALOGUE (OPAC)

Wealth of nature Vol.1 / (Record no. 11271)

MARC details
000 -LEADER
fixed length control field 00409cam a2200169ua 4500
041 ## - LANGUAGE CODE
Language code of text/sound track or separate title eng
082 ## - DEWEY DECIMAL CLASSIFICATION NUMBER
Classification number 330.153
Item number SMI/WE
100 ## - MAIN ENTRY--AUTHOR NAME
Personal name Adam, .
245 ## - TITLE STATEMENT
Title Wealth of nature Vol.1 /
260 ## - PUBLICATION, DISTRIBUTION, ETC. (IMPRINT)
Place of publication London :
Name of publisher J.M. Dent & sons Ltd ,
Year of publication 1960.
300 ## - PHYSICAL DESCRIPTION
Number of Pages 444 ; .

No items available.

free website counter